Three Lives (Record no. 225252)

MARC details
000 -LEADER
fixed length control field 00495nam a22001937a 4500
005 - DATE AND TIME OF LATEST TRANSACTION
control field 20221122092106.0
008 - FIXED-LENGTH DATA ELEMENTS--GENERAL INFORMATION
fixed length control field 221122b ||||| |||| 00| 0 eng d
020 ## - INTERNATIONAL STANDARD BOOK NUMBER
International Standard Book Number 9548091143
040 ## - CATALOGING SOURCE
Transcribing agency AL
041 ## - LANGUAGE CODE
Language code of text/sound track or separate title English
082 ## - DEWEY DECIMAL CLASSIFICATION NUMBER
Edition number 23
Classification number 253.5
Item number DOUT
100 ## - MAIN ENTRY--PERSONAL NAME
Personal name Beinsa Douno
100 ## - MAIN ENTRY--PERSONAL NAME
9 (RLIN) 63038
245 ## - TITLE STATEMENT
Title Three Lives
260 ## - PUBLICATION, DISTRIBUTION, ETC.
Place of publication, distribution, etc. Sofia
Name of publisher, distributor, etc. Bialo Bratstvo
300 ## - PHYSICAL DESCRIPTION
Extent 23 p.
Other physical details PB
Dimensions 19x12.7 cm.
650 ## - SUBJECT ADDED ENTRY--TOPICAL TERM
Topical term or geographic name entry element Spiritual life--Christianity
9 (RLIN) 63039
700 ## - ADDED ENTRY--PERSONAL NAME
Personal name DOUNO(Beinsa)
9 (RLIN) 63040
942 ## - ADDED ENTRY ELEMENTS (KOHA)
Source of classification or shelving scheme Dewey Decimal Classification
Koha item type George Fernandes Collections
Holdings
Withdrawn status Lost status Source of classification or shelving scheme Damaged status Not for loan Collection code Home library Current library Date acquired Total Checkouts Full call number Barcode Date last seen Price effective from Koha item type
    Dewey Decimal Classification     Others St Aloysius Library St Aloysius Library 03/23/2013   253.5 DOUT GF02322 11/22/2022 11/22/2022 George Fernandes Collections